[Event "Hennebont Grand Prix U14"]
[Site "Hennebont"]
[Date "2006.08.06"]
[Round "6"]
[White "Grouhel, Mathieu"]
[Black "Legrand, Guillaume"]
[Result "1/2-1/2"]
[WhiteElo "1099"]
[BlackElo "1199"]
[PlyCount "100"]
[EventDate "2006.08.06"]
[EventType "swiss"]
[EventRounds "7"]
[EventCountry "FRA"]
[SourceTitle "EXT 2008"]
[Source "ChessBase"]
[SourceDate "2007.11.25"]
[SourceVersion "1"]
[SourceVersionDate "2007.11.25"]
[SourceQuality "1"]

1. e4 e5 2. Bc4 Nc6 3. Qh5 g6 4. Qf3 Nf6 5. d3 Bg7 6. Bg5 0-0 7. Nc3 Nd4 8. Qe3 Nxc2+ 9. Kd1 Nxe3+ 10. Bxe3 c6 11. Nf3 b5 12. Bb3 b4 13. Na4 Ng4 14. Bc5 d6 15. Bxb4 Nxf2+ 16. Ke1 Nxh1 17. Ba3 Qa5+ 18. Ke2 Bg4 19. Rxh1 Rac8 20. h3 Bxf3+ 21. gxf3 c5 22. Ke3 Bh6+ 23. f4 Bxf4+ 24. Kf3 c4 25. dxc4 Rfd8 26. Rd1 f5 27. c5+ Kf8 28. cxd6 fxe4+ 29. Kxe4 Qa6 30. d7+ Kg7 31. dxc8Q Rxc8 32. Kd5 Rd8+ 33. Kc5 Rxd1 34. Bxd1 Bc1 35. Kb4 Qd6+ 36. Ka5 Qxd1 37. Nc3 Qd8+ 38. Ka6 Be3 39. Kb7 Qd7+ 40. Ka6 Qxh3 41. Kb5 h5 42. Bc5 Bxc5 43. Kxc5 g5 44. b4 Qxc3+ 45. Kb5 g4 46. a4 g3 47. a5 g2 48. a6 g1Q 49. Ka5 Qga1+ 50. Kb5 h4 1/2-1/2